[Event "Hampstead U2200 Feb2014"]
[Site "Hampstead, UK"]
[Date "2014.02.16"]
[Round "5"]
[White "Chauhan, Pranay"]
[Black "Wen, Jessica"]
[Result "1/2-1/2"]
[WhiteElo "1463"]
[BlackElo "1624"]
[EventType "swiss"]
[EventRounds "5"]

1. d4 Nf6 2. Nf3 e6 3. e3 b6 4. Nbd2 Bb7 5. Bd3 c5 6. c3 Be7 7. Qe2 O-O 8. O-O
a6 9. a4 cxd4 10. exd4 d6 11. Re1 Re8 12. Nf1 Nbd7 13. Ng3 Qc7 14. Bg5 h6 15.
Bd2 Bf8 16. Rad1 e5 17. dxe5 dxe5 18. Bb1 e4 19. Nd4 Nc5 20. Bc1 Nxa4 21. Ndf5
Qc6 22. Nh5 Nxh5 23. Qxh5 Qg6 24. Qxg6 fxg6 25. Nd6 Bxd6 26. Rxd6 Kh7 27. Red1
g5 28. Bc2 b5 29. Bxa4 bxa4 30. R1d4 a3 31. bxa3 Rac8 32. Bb2 Bc6 33. a4 Bb7
34. Kf1 e3 35. f3 Bc6 36. Ke2 Re7 37. Rd3 Bxa4 38. Rxe3 Bb5+ 39. Kd2 Rxe3 40.
Kxe3 Re8+ 41. Kd2 Re2+ 42. Kc1 Rxg2 43. c4 Bxc4 44. Rd7 Kg6 45. Rxg7+ Kf5 46.
Rc7 Bb5 47. Rf7+ Kg6 48. Rg7+ Kh5 49. f4 Rg4 50. f5 Rf4 51. f6 a5 52. Rb7 Bc4
53. Ra7 Kg4 54. Rxa5 Rf5 55. h3+ Kf4 56. Ra4 Kg3 57. Rxc4 Kxh3 58. Re4 g4 59.
Be5 g3 60. Re3 Kh4 61. Bxg3+ Kg4 62. Be5 h5 63. Re4+ Kg5 64. Bd4 h4 65. Re7
Rf3 66. Rg7+ Kh6 67. Rg2 h3 68. Rh2 Kg6 69. Kd2 Ra3 70. Ke1 Kf7 71. Kf2 Kg6
72. Kf1 Rf3+ 73. Kg1 Rg3+ 74. Kf2 Ra3 75. Bb2 Rb3 76. Ke1 Re3+ 77. Kf1 Rf3+
78. Kg1 Rg3+ 79. Kf2 Rb3 80. Bd4 Ra3 81. Be3 Ra2+ 82. Kg3 Rxh2 83. Kxh2 {#d}
1/2-1/2

[Event "Hampstead U2200 Feb2014"]
[Site "Hampstead, UK"]
[Date "2014.02.16"]
[Round "5"]
[White "Sharkey, Brian"]
[Black "Zhao, Haolin"]
[Result "0-1"]
[WhiteElo "1641"]
[BlackElo "1316"]
[EventType "swiss"]
[EventRounds "5"]

1. d4 Nf6 2. c4 e6 3. Nf3 b6 4. g3 Bb7 5. Bg2 c5 6. O-O Nc6 7. Nc3 Nxd4 8.
Nxd4 Bxg2 9. Kxg2 cxd4 10. Qxd4 Bc5 11. Qd3 O-O 12. Bg5 h6 13. Bxf6 gxf6 14.
Ne4 Qc7 15. Nxf6+ Kg7 16. Nxd7 Rfd8 17. Qc3+ Kg8 18. Nxc5 Qxc5 19. Rfd1 Rdc8
20. b3 b5 21. Rac1 bxc4 22. Qxc4 Qf5 23. Qxc8+ Rxc8 24. Rxc8+ Kg7 25. Rc4 Qa5
26. Rd2 Qxd2 27. Ra4 Qd7 28. e3 Qb7+ 29. Kg1 Qb6 30. b4 Qb5 31. Rxa7 Qxb4 32.
h4 Qc5 33. Ra4 Qc1+ 34. Kh2 Qc2 35. Rg4+ Kf8 36. a4 Qxf2+ 37. Kh3 Qxe3 38. a5
Qg1 39. Ra4 f5 40. Ra2 Qh1+ 41. Rh2 Qe4 42. Ra2 Qd5 43. Ra1 Qd4 44. Ra2 Qc4
45. Ra1 Qc3 46. Ra2 Qb3 47. Ra1 Qb2 48. Re1 Qa2 49. Rxe6 Qxe6 {#R} 0-1

[Event "Hampstead U2200 Feb2014"]
[Site "Hampstead, UK"]
[Date "2014.02.16"]
[Round "5"]
[White "Ritchie, Paul"]
[Black "McCormack, Daniel"]
[Result "1-0"]
[WhiteElo "1578"]
[BlackElo "1200"]
[EventType "swiss"]
[EventRounds "5"]

1. e4 e5 2. Nc3 Nf6 3. Bc4 d6 4. d3 Be7 5. f4 O-O 6. f5 Bd7 7. Nf3 a6 8. O-O
h6 9. Kh1 b5 10. Bb3 c6 11. a3 a5 12. Qe1 Qb6 13. Be3 c5 14. Bd5 Nc6 15. Qg3
Kh7 16. Qh3 Nxd5 17. Nxd5 Qd8 18. Rg1 f6 19. Qg4 Rg8 20. Nh4 Kh8 21. Ng6+ Kh7
22. Raf1 b4 23. a4 Rb8 24. Rf3 b3 25. c3 Be8 26. Rh3 Bf8 27. Nxf8+ Kh8 28.
Ng6+ Bxg6 29. Qxg6 Qf8 30. Bxh6 Rb7 31. Bxg7# 1-0

[Event "Hampstead U2200 Feb2014"]
[Site "Hampstead, UK"]
[Date "2014.02.16"]
[Round "5"]
[White "Mondal, Simona"]
[Black "Sawhney, Anisha"]
[Result "1-0"]
[WhiteElo "1416"]
[BlackElo "1426"]
[EventType "swiss"]
[EventRounds "5"]

1. e4 e5 2. Nf3 Nc6 3. Bc4 Be7 4. Nc3 Nf6 5. d3 O-O 6. O-O d6 7. h3 Be6 8. Bb3
Nh5 9. Nxe5 g6 10. Nxc6 bxc6 11. Bh6 Ng7 12. Ba4 c5 13. Qd2 d5 14. Bc6 Qd6 15.
Bxa8 Rxa8 16. Qf4 Rb8 17. Qxd6 cxd6 18. Rab1 d4 19. Nd5 Bxd5 20. exd5 Nf5 21.
Bd2 Rc8 22. c4 dxc3 23. bxc3 c4 24. d4 Bf6 25. Be3 a6 26. Rb6 Ne7 27. Rxd6 Kg7
28. Rb1 Rc7 29. Bf4 Ra7 30. Be5 Bxe5 31. dxe5 Nf5 32. Rdb6 Ne7 33. Rb7 Rxb7
34. Rxb7 Nxd5 35. Ra7 Nxc3 36. Rxa6 Nb1 37. a4 Kh6 38. Rc6 c3 39. f4 Kh5 40.
g4+ Kh4 41. Kg2 f5 42. exf6 h5 43. f7 c2 44. f8=Q g5 45. Rxc2 Nd2 46. Rxd2
gxf4 47. Qf6# 1-0

[Event "Hampstead U2200 Feb2014"]
[Site "Hampstead, UK"]
[Date "2014.02.16"]
[Round "5"]
[White "Lovell, William Pm"]
[Black "Maund, Barry"]
[Result "0-1"]
[WhiteElo "1447"]
[BlackElo "1794"]
[EventType "swiss"]
[EventRounds "5"]

1. e4 e6 2. d4 d5 3. e5 c5 4. Nf3 Nc6 5. Bd3 Qb6 6. O-O Nxd4 7. Nxd4 cxd4 8.
Nd2 Ne7 9. Nb3 Nc6 10. Bf4 Be7 11. Re1 Bd7 12. a4 Rc8 13. Qg4 g6 14. Bg5 Qd8
15. Bf4 Nb4 16. Rec1 Nxd3 17. cxd3 Rxc1+ 18. Bxc1 b6 19. Qxd4 O-O 20. Qg4 f6
21. exf6 Bxf6 22. Bh6 Bxb2 23. Ra2 Bg7 24. Bxg7 Kxg7 25. Qd4+ Qf6 26. Qxf6+
Kxf6 27. a5 b5 28. Nc5 Ke7 29. Nxd7 Kxd7 30. Rc2 Rc8 31. Rxc8 Kxc8 32. f4 Kc7
33. Kf2 b4 34. Ke2 d4 35. Kd2 a6 36. Kc2 Kc6 37. Kb3 Kb5 38. g3 Kxa5 39. h3
Kb5 40. g4 Kc5 41. h4 a5 42. Ka4 Kd5 43. Kb3 e5 44. f5 gxf5 45. gxf5 h5 46. f6
Ke6 47. Ka4 Kxf6 48. Kb3 Kf5 49. Kc4 Kg4 50. Kb3 Kxh4 51. Kc4 Kg4 52. Kb3 h4
53. Kc4 h3 54. Kb3 h2 55. Kc4 h1=Q 56. Kc5 Qc1+ 57. Kb5 b3 58. Kb6 b2 59. Ka7
b1=Q 60. Ka6 Qc6+ 61. Ka7 Qbb7# 0-1